000 00238nam a2200097Ia 4500
001 685019
005 20250826161509.0
008 250824s9999 xx 000 0 und d
245 0 _a72.KOĞUŞ/O.KEMAL/EVEREST
_cORHAN KEMAL
260 _bEVEREST
999 _c685019
_d685019